Twelve yards : the art and psychology of the perfect penalty kick

Bibliographic Details
Main Author: Lyttleton, Ben
Format: Book
Published: New York : Penguin Books , 2015
Subjects:

MARC

LEADER 00000cam a2200000 7i4500
001 0000205193
005 20160428.0
020 |a 9780143127307 
090 0 0 |a 796.334   |b LYT 
100 1 |a Lyttleton, Ben 
245 1 0 |a Twelve yards :   |b the art and psychology of the perfect penalty kick   |c Ben Lyttleton 
260 |a New York :   |b Penguin Books ,   |c 2015 
300 |a 342p. ;   |c 20cm. 
650 0 |a Passing (Soccer) 
650 0 |a Soccer   |x Psychological aspects 
999 |a 00321807   |b BUKU   |c PINJAMAN   |e PERPUSTAKAAN KOMUNITI PETALING JAYA